Semiramide (Record n. 103114)
[ formato base ]
| 000 -LEADER | |
|---|---|
| fixed length control field | 00808njm a2200265Ia 4500 |
| 001 - CONTROL NUMBER | |
| control field | 21141 |
| 003 - CONTROL NUMBER IDENTIFIER | |
| control field | IT-RoPAU |
| 005 - DATE AND TIME OF LATEST TRANSACTION | |
| control field | 20220918181202.0 |
| 008 - FIXED-LENGTH DATA ELEMENTS--GENERAL INFORMATION | |
| fixed length control field | 131025s9999 xx 000 0 und d |
| 040 ## - CATALOGING SOURCE | |
| Original cataloging agency | IT-RoPAU |
| 040 ## - CATALOGING SOURCE | |
| Transcribing agency | IT-RoPAU |
| 999 ## - SYSTEM CONTROL NUMBERS (KOHA) | |
| Koha Dewey Subclass [OBSOLETE] | n.d. |
| 100 ## - MAIN ENTRY--PERSONAL NAME | |
| Personal name | Rossini Gioachino |
| 9 (RLIN) | 2267 |
| 100 ## - MAIN ENTRY--PERSONAL NAME | |
| Relator term | Autore musica |
| 9 (RLIN) | 5152 |
| 100 ## - MAIN ENTRY--PERSONAL NAME | |
| Miscellaneous information | Codice autore musica SPICS: 11125 |
| 9 (RLIN) | 2269 |
| 245 ## - TITLE STATEMENT | |
| Title | Semiramide |
| 250 ## - EDITION STATEMENT | |
| Edition statement | 1a ed. |
| 260 ## - PUBLICATION, DISTRIBUTION, ETC. (IMPRINT) | |
| Place of publication, distribution, etc. | ROMA |
| 260 ## - PUBLICATION, DISTRIBUTION, ETC. (IMPRINT) | |
| Name of publisher, distributor, etc. | RAI - RADIO TELEVISIONE ITALIANA |
| Date of publication, distribution, etc. | 1983 [1a Ed.:1966 - Ed. Lingua Orig.: 1823] |
| 300 ## - PHYSICAL DESCRIPTION | |
| Extent | MUSICASSETTA |
| 500 ## - GENERAL NOTE | |
| General note | Musica operistica. Musica lirica. Musica classica |
| 511 ## - PARTICIPANT OR PERFORMER NOTE | |
| Participant or performer note | London Symphony Orchestra diretta da Bonynge Richard |
| 650 ## - SUBJECT ADDED ENTRY--TOPICAL TERM | |
| Topical term or geographic name as entry element | OPERA LIRICA [CASSETTE] |
| Relator term | Codice MATERIA SPICS: 9951 |
| 9 (RLIN) | 5153 |
| 942 ## - ADDED ENTRY ELEMENTS (KOHA) | |
| Koha item type | MUSICASSETTE |
| Source of classification or shelving scheme | Dewey Decimal Classification |
| Withdrawn status | Lost status | Damaged status | Not for loan | Home library | Current library | Date acquired | Total Checkouts | Full call number | Date last seen | Price effective from | Koha item type | Public note |
|---|---|---|---|---|---|---|---|---|---|---|---|---|
| Buone Condizioni | Not For Loan | SPICS-MEDIATECA | SPICS-MEDIATECA | 25/10/2013 | 21141 | 25/10/2013 | 25/10/2013 | MUSICASSETTE | Progr. Ins.: 4443 / N.Vol.: 3 / Copie: 1 - Copia rara: n.d. / date import: 01.01.2014 - By Epidotti, Trombetti, Vaglietti |